| 000 | 00461nmm a2200169Ia 4500 | ||
|---|---|---|---|
| 008 | 251105s9999||||xx |||||||||||||||||und|| | ||
| 020 | _a9788490079522 | ||
| 041 | _aspa | ||
| 100 | _aUrdaneta, Amenodoro | ||
| 245 | 0 | _aCervantes y la crítica | |
| 264 |
_a[Madrid, España] : _bLinkgua, _c2016 |
||
| 300 | _a352 páginas | ||
| 490 | _aPensamiento | ||
| 650 | _aSpanish literature | ||
| 856 | _uhttps://public.digitaliapublishing.com/a/48752 | ||
| 942 | _cCF | ||
| 999 |
_c87374 _d87374 |
||